| LEADER |
01190nam0a2200229 450 |
| 001 |
16819457 |
| 010 |
|
|
|a 978-2-203-03002-2
|b br.
|d 6
|
| 100 |
|
|
|a 20100201d2026 u u0frey01 ba
|
| 101 |
1 |
|
|a fre
|c eng
|
| 102 |
|
|
|a BE
|
| 200 |
0 |
|
|a survivants (Les)
|f Robert Muchamore
|g traduit de l'anglais par Antoine Pinchot
|
| 207 |
|
1 |
|a
|
| 210 |
|
|
|a Tournai (Belgique)
|b 28 Rue des Soeurs Noires.
|c Casterman
|d impr. 2010
|
| 215 |
|
|
|a 1 vol. (389 p.)
|c couv. ill. en coul.
|d 18 cm
|
| 225 |
1 |
|
|v 05
|
| 330 |
|
|
|a Le milliardaire Joel Regan règne en maître absolu sur la secte des Survivants. Convaincu de l?imminence d?une guerre nucléaire, ses fidèlesse préparent à refonder l?humanité. Mais derrière les prophéties fantaisistes du gourou se cache une menace bien réelle... L?agent James Adams, 14 ans, reçoit l?ordre d?infiltrer le quartier général du culte. Saura-t-il résister aux méthodes de manipulations mentales des adeptes ?
|
| 461 |
|
0 |
|t Cherub
|v 5
|
| 700 |
|
0 |
|a Muchamore
|b Robert
|f 1972-....
|4 70
|
| 702 |
|
0 |
|a Pinchot
|b Antoine
|4 730
|
| 900 |
|
|
|a Roman Jeunesse
|
| 901 |
|
|
|a Réserve
|
| 995 |
|
|
|a Bibliothèque
|c Bibliothèque
|f 024015123
|h 024015123
|k J MUC
|o p
|q j
|r az
|e Bibliothèque
|